00543pab a2200169 454500008004000000100002200040245008900062260000900151300001300160362001000173650001900183773003400202908000600236909001000242999001700252952010400269180718b2013 xxu||||| |||| 00| 0 eng d aNachane, Dilip M. aGlobal crisis and the new consensus macroeconomics: End of paradigmatic determinism? c2013 ap.43-50. a5 Jan aMacroeconomics aEconomic and Political Weekly aN a98668 c98667d98667 00104070aIIPAbIIPAd2018-07-19hVolume no: 48, Issue no: 1pAR99128r2018-07-19w2018-07-19yAR